000
00238nam a2200097Ia 4500
082
_a
EKF FORE
245
0
_a
Fox tale
100
_a
FOREMAN, Michael London, 2007
_9
75696
942
_c
BK
008
210817s9999 xx 000 0 und d
999
_c
250596
_d
250595